Pictorial History of Morals /

Este libro presenta una recopilación pictórica de la vida sexual y amatoria a través de los siglos, desde representaciones bíblicas y clásicas, hasta obras modernas, divididas en temas como el amor en la antiguedad, grandes amantes, prostitutas famosas, incesto, homosexualidad, crímenes de pasión, f...

Повний опис

Збережено в:
Бібліографічні деталі
Автор: Wedeck, Harry E. (ed.)
Формат: Книга
Мова:Англійська
Опубліковано: Nueva York, EUA : Philosophical Library, 1963, c1963
Предмети:
Теги: Додати тег
Немає тегів, Будьте першим, хто поставить тег для цього запису!

MARC

LEADER 00000nam^a2200000^a^4500
001 000184864
005 20250521000000.0
009 20260310102130.389
037 |a Acervo ITESO - Biblioteca 
041 |a ING 
082 |a 757. 22  |b WED 
100 |a Wedeck, Harry E.  |e (ed.) 
245 1 0 |a Pictorial History of Morals /  |c Ed. de H.E. Wedeck. 
264 4 |a Nueva York, EUA :  |b Philosophical Library,  |c 1963, c1963 
300 |a 314 p. 
336 |a texto  |b txt  |2 rdacontenido 
337 |a sin mediación  |b n  |2 rdamedio 
338 |a volumen  |b nc  |2 rdasoporte 
520 |a Este libro presenta una recopilación pictórica de la vida sexual y amatoria a través de los siglos, desde representaciones bíblicas y clásicas, hasta obras modernas, divididas en temas como el amor en la antiguedad, grandes amantes, prostitutas famosas, incesto, homosexualidad, crímenes de pasión, fetichismo, sadismo, exhibicionismo, posiones de amor y muchos otros. 
649 |a XX 
650 |a Erotismo en la Pintura 
650 |a Sexualidad en la Pintura -  |x Tema Principal 
650 |a Cuerpo Humano en la Pintura 
650 |a Erotismo en el Arte 
650 |a Sexualidad en el Arte 
650 |a Cuerpo Humano en el Arte 
650 |a Pintura -  |x Historia y Crítica 
650 |a Arte -  |x Historia y Crítica 
910 |a Fondo Julio de la Peña Lomelín 
920 |a Impresos - Libros 
930 |a Arquitectos Jaliscienses 
905 |a 115 
901 |a 0500125842  |b IT1  |c JAL  |u 20250521 
902 |a https://opac.biblio.iteso.mx/vufind/Record/000184864